00578nam a22001697a 450000500170000001000150001702000260003203500150005803700140007308200100008710000130009724500770011026000550018727000890024230000270033150000500035820181215124023.0 aENG-124539 c395.00a9789352808052 a EN-108071 bDBAD/PUB. a650.1 aAnand R. aHappiness at work:cby R. Anand bmindfulness, analysis and well-being / aNew DelhibSage Publications India Pvt. Ltd.c2018 aB1/I-1, Mohan Cooperative Industrial Area Mathura Road Post Bag 7bNew Delhie110044 axxii,200p.c21cm.(pbk) aIt includes bibliography and about the author